00641nam a2200169 a 4500001001500000005001700015008004100032020002700073020003000100100002100130245005000151260005900201300001900260856008200279999001500361952009500376ASIN938064230X20140530081920.0140530s2012 xxu eng d a938064230X (hardcover) a9789380642307 (hardcover)1 aMATHEW, STEPHEN.10aEveryday errors in english /cSTEPHEN MATHEW. a[S.l.] :bDOMINANT PUBLISHERS AND DISTRIBUTORS,c2012. a1 v. (unpaged)403Amazon.comuhttp://www.amazon.com/exec/obidos/ASIN/938064230X/chopaconline-20 c4775d4775 00104070aSLELCbSLELCd2014-05-30g1494.00l0o626.2STEp45840r2014-05-30 00:00:00yBK